| 000 | 01249aab a2200253 i 4500 | ||
|---|---|---|---|
| 001 | 768714001 | ||
| 003 | CO-MdFUSB | ||
| 005 | 20240708082406.0 | ||
| 008 | 240708t1996 sz ||||| |||| 00| 0 eng d | ||
| 040 |
_bspa _cCO-MdFUSB |
||
| 041 | _aeng | ||
| 100 | 1 |
_aMaury, Jacques _eautor |
|
| 245 | 1 | 0 |
_aA theological afterword _c/ Jacques Maury |
| 520 | _aEl autor de este artículo realiza dos observaciones: en primer lugar, si se preocupa profundamente por la paz y la justicia en el mundo, entonces se debe dar prioridad urgente a este difícil diálogo. En segundo lugar, para que el diálogo sea posible y productivo, en primera instancia, no debería tratarse de Doctrina o ideología. También, debería centrarse en una evaluación de los compromisos que deben hacerse para ayudar a todos los habitantes de esta tierra. | ||
| 546 | _aTexto en inglés. | ||
| 650 | 0 |
_aIglesia y problemas mundiales _9912 |
|
| 650 | 0 |
_aJusticia social _91851 |
|
| 650 | 0 |
_aCristianismo y economía _91199 |
|
| 650 | 7 |
_aFe _9531 |
|
| 650 | 0 |
_aTeología de la prosperidad _91860 |
|
| 773 | 0 |
_tReformed World _049396 _959534 _gVolumen 46, (número 3, 1996) páginas: 129-133 _qpágina: 129 |
|
| 942 | _cANA | ||
| 945 | _aCatherine Arias Álvarez - Practicante SENA | ||
| 999 |
_c55437 _d55437 |
||